Football Clubs Cristiano Ronaldo has Played for - Statistics

General Stats
  • This quiz has been taken 326 times
  • The average score is 6 of 7
Answer Stats
Year Appearances Goals Assists Answer % Correct
2009-2018 438 450 131 Real Madrid
97%
2018-2021 134 101 22 Juventus
94%
2021-2022 54 27 5 Manchester United
92%
2003-2009 292 118 59 Manchester United
91%
2022- 19 14 2 Al Nassr
81%
2003- 198 122 43 Portugal
71%
2002-2003 31 5 6 Sporting Portugal
26%
No matching quizzes found
Score Distribution
Percent of People with Each Score
Percentile by Number Answered
Your Score History
You have not taken this quiz